| 000 | 00654nam a2200229 i 4500 | ||
|---|---|---|---|
| 001 | bgj | ||
| 100 | 1 |
_aPAXMAN, Jeremy _d(1950- ). |
|
| 245 | 1 | 0 |
_aFriends in high places : _bwho runs Britain? / _cJeremy Paxman. |
| 250 | _areprinted. | ||
| 260 |
_aLondon : _bPenguin Books, _c1991. |
||
| 300 |
_aXVIII, 370 pp ; _c20 cm. |
||
| 500 | _a1st publ. in 1990 by Michael Joseph. | ||
| 504 | _aBibliography p. [352]-359. | ||
| 505 | _aIncludes index. | ||
| 651 | 9 |
_aGreat Britain _xCivilization _y1945- |
|
| 020 | _a0140156003 | ||
| 040 | _cBPK | ||
| 041 | 0 | _aeng | |
| 920 | _a0-14-015600-3 | ||
| 942 | _cKS | ||
| 008 | s uk f |000 0 eng | ||
| 999 |
_c49276 _d49276 |
||
| 856 |
_uhttp://koha.tu.koszalin.pl/cgi-bin/koha/opac-detail.pl?biblionumber=49276 _yKatalog online BPK |
||